[Event "SF-2014-0-00248"]
[Site "LSS email"]
[Date "2014.08.26"]
[Round "?"]
[White "De Booy, Marco"]
[Black "Lombardi, Donato"]
[Result "1-0"]
[WhiteElo "1035"]
[BlackElo "783"]
[PlyCount "81"]
[EventDate "2014.08.06"]
[EventType "tourn (corr)"]
[EventRounds "6"]
[EventCountry "GER"]
[SourceTitle "Corr 2015"]
[Source "ChessBase"]
[SourceDate "2015.07.17"]
[SourceVersion "1"]
[SourceVersionDate "2015.07.17"]
[SourceQuality "1"]

1. e4 e6 2. d4 d5 3. exd5 exd5 4. Bd3 Nf6 5. Nf3 Bd6 6. 0-0 0-0 7. Nc3 Bg4 8. Bg5 c6 9. Re1 Nbd7 10. Be2 Qc7 11. g3 Rfe8 12. Kg2 Ne4 13. Nxe4 Rxe4 14. c3 Rae8 15. Be3 Nf6 16. Ng5 Bxe2 17. Rxe2 h6 18. Nxe4 Rxe4 19. Bd2 c5 20. Rxe4 Nxe4 21. Be3 cxd4 22. Bxd4 f5 23. Bxa7 Bc5 24. Qxd5+ Kh8 25. Bxc5 Qxc5 26. Qxc5 Nxc5 27. b4 Na4 28. c4 Kg8 29. Kf3 Kf7 30. Kf4 Kf6 31. Rc1 Nb2 32. Ke3 Na4 33. c5 Ke5 34. c6 bxc6 35. Rxc6 g5 36. f4+ gxf4+ 37. gxf4+ Kd5 38. Rxh6 Nc3 39. a3 Nb5 40. a4 Nc3 41. a5 1-0

[Event "SF-2014-0-00243"]
[Site "LSS email"]
[Date "2014.07.28"]
[Round "?"]
[White "De Booy, Marco"]
[Black "Slavin, Pablo"]
[Result "1-0"]
[WhiteElo "1052"]
[BlackElo "987"]
[PlyCount "85"]
[EventDate "2014.07.02"]
[EventType "tourn (corr)"]
[EventRounds "6"]
[EventCountry "GER"]
[SourceTitle "Corr 2015"]
[Source "ChessBase"]
[SourceDate "2015.07.17"]
[SourceVersion "1"]
[SourceVersionDate "2015.07.17"]
[SourceQuality "1"]

1. e4 c5 2. f4 d6 3. Nf3 Nc6 4. Bc4 e6 5. Nc3 Be7 6. a3 a6 7. d4 cxd4 8. Nxd4 Nxd4 9. Qxd4 Bf6 10. Qd3 b5 11. Ba2 Qc7 12. 0-0 Bb7 13. Be3 Rc8 14. Bd2 Nh6 15. Rac1 Ng4 16. Qg3 Qb6+ 17. Kh1 Bxc3 18. Bxc3 h5 19. h3 Bxe4 20. Bd2 Rxc2 21. Rxc2 Bxc2 22. Rf3 Be4 23. Rc3 Nf2+ 24. Kh2 Ng4+ 25. Kh1 Bb7 26. Be3 Nxe3 27. Rxe3 0-0 28. Re1 Qd4 29. Re2 Rc8 30. Qh4 Rc1+ 31. Kh2 Qg1+ 32. Kg3 Re1 33. Qxh5 Rxe2 34. Qxe2 Qd4 35. Bb3 Be4 36. Bd1 d5 37. b3 Qd3+ 38. Kf2 Qc3 39. a4 bxa4 40. bxa4 d4 41. Qxe4 d3 42. Qe1 Qc5+ 43. Qe3 1-0

[Event "SF-2014-0-00243"]
[Site "LSS email"]
[Date "2014.07.25"]
[Round "?"]
[White "Werner, Guenter"]
[Black "De Booy, Marco"]
[Result "1/2-1/2"]
[WhiteElo "1072"]
[BlackElo "1052"]
[PlyCount "87"]
[EventDate "2014.07.02"]
[EventType "tourn (corr)"]
[EventRounds "6"]
[EventCountry "GER"]
[SourceTitle "Corr 2015"]
[Source "ChessBase"]
[SourceDate "2015.07.17"]
[SourceVersion "1"]
[SourceVersionDate "2015.07.17"]
[SourceQuality "1"]

1. e4 e5 2. Nf3 Nc6 3. Bc4 Bc5 4. c3 Nf6 5. d3 d6 6. 0-0 0-0 7. b4 Bb6 8. Nbd2 a6 9. a4 Be6 10. Bxe6 fxe6 11. Ng5 Qe8 12. Ndf3 Nd8 13. Be3 Nf7 14. Bxb6 cxb6 15. Qb3 Nd8 16. Nd2 h6 17. Ngf3 Qg6 18. Nh4 Qg5 19. Ndf3 Qh5 20. Nf5 Ne8 21. Ng3 Qg6 22. d4 exd4 23. cxd4 Kh8 24. d5 e5 25. Nf5 Qf6 26. Qe3 Nf7 27. Qxb6 Rb8 28. b5 axb5 29. axb5 g6 30. Ne3 Qe7 31. Nc4 Nf6 32. Nfd2 Nd7 33. Qe3 Kg7 34. b6 Qd8 35. Ra7 Nc5 36. Nb3 Nd7 37. Rb1 Qc8 38. Rc1 Qd8 39. Nca5 Qxb6 40. Qxb6 Nxb6 41. Rc7 Nc8 42. Raxb7 Rxb7 43. Rxb7 Kf6 44. f3 1/2-1/2

[Event "SF-2014-0-00235"]
[Site "LSS email"]
[Date "2014.06.12"]
[Round "?"]
[White "De Booy, Marco"]
[Black "Lauer, Fredric"]
[Result "1-0"]
[WhiteElo "1052"]
[BlackElo "1065"]
[PlyCount "107"]
[EventDate "2014.05.08"]
[EventType "tourn (corr)"]
[EventRounds "6"]
[EventCountry "GER"]
[SourceTitle "Corr 2015"]
[Source "ChessBase"]
[SourceDate "2015.07.17"]
[SourceVersion "1"]
[SourceVersionDate "2015.07.17"]
[SourceQuality "1"]

1. e4 c5 2. f4 d5 3. exd5 Nf6 4. Bb5+ Nbd7 5. c4 a6 6. Ba4 g6 7. Nf3 Bg7 8. 0-0 0-0 9. d3 Qc7 10. Nc3 Nb6 11. Bc2 Bg4 12. Qd2 Rae8 13. Qf2 e6 14. dxe6 Rxe6 15. Be3 Rfe8 16. Bxc5 Bxf3 17. gxf3 Qxf4 18. Bxb6 Nh5 19. Kh1 Be5 20. Nd5 Qh6 21. Kg1 Nf4 22. Nxf4 Bxf4 23. Rae1 Rxe1 24. Rxe1 Rxe1+ 25. Qxe1 Qxh2+ 26. Kf1 Qxc2 27. Qe8+ Kg7 28. Bd4+ Kh6 29. Qe4 Qh2 30. Qxb7 Qh3+ 31. Ke2 Qe6+ 32. Qe4 Qd6 33. Be3 Bxe3 34. Kxe3 Qb6+ 35. Qd4 Qa5 36. a3 Qe1+ 37. Kf4 Qh4+ 38. Ke5 Qe7+ 39. Kd5 Qd7+ 40. Kc5 Qa7+ 41. Kd5 Qd7+ 42. Ke4 Qf5+ 43. Ke3 Qe6+ 44. Kd2 Qc6 45. Qe3+ Kg7 46. c5 h5 47. d4 h4 48. Qe5+ Kg8 49. Qh2 Qxf3 50. Qxh4 Qb3 51. Qd8+ Kg7 52. Qb6 Qd5 53. c6 Qc4 54. c7 1-0

[Event "SF-2014-0-00235"]
[Site "LSS email"]
[Date "2014.06.11"]
[Round "?"]
[White "De Booy, Marco"]
[Black "Csoma, Balint"]
[Result "0-1"]
[WhiteElo "1052"]
[BlackElo "1023"]
[PlyCount "44"]
[EventDate "2014.05.08"]
[EventType "tourn (corr)"]
[EventRounds "6"]
[EventCountry "GER"]
[SourceTitle "Corr 2015"]
[Source "ChessBase"]
[SourceDate "2015.07.17"]
[SourceVersion "1"]
[SourceVersionDate "2015.07.17"]
[SourceQuality "1"]

1. e4 e5 2. Nf3 Nf6 3. Nxe5 d6 4. Nf3 Nxe4 5. d4 Be7 6. Bd3 d5 7. 0-0 0-0 8. c4 c6 9. Re1 f5 10. Nc3 Be6 11. Qc2 Nd7 12. c5 b6 13. Nd2 bxc5 14. dxc5 Bxc5 15. Ncxe4 fxe4 16. Be2 Bxf2+ 17. Kf1 Bxe1+ 18. Kxe1 Qh4+ 19. g3 Qxh2 20. Qxc6 Qxg3+ 21. Kd1 Qg1+ 22. Kc2 Rac8 0-1

[Event "SF-2014-0-00235"]
[Site "LSS email"]
[Date "2014.06.11"]
[Round "?"]
[White "Lenz, Juergen"]
[Black "De Booy, Marco"]
[Result "1-0"]
[WhiteElo "947"]
[BlackElo "1052"]
[PlyCount "83"]
[EventDate "2014.05.08"]
[EventType "tourn (corr)"]
[EventRounds "6"]
[EventCountry "GER"]
[SourceTitle "Corr 2015"]
[Source "ChessBase"]
[SourceDate "2015.07.17"]
[SourceVersion "1"]
[SourceVersionDate "2015.07.17"]
[SourceQuality "1"]

1. d4 f5 2. Nc3 Nf6 3. Bg5 d5 4. Bxf6 exf6 5. e3 c6 6. Bd3 Be6 7. Qf3 g6 8. h4 h5 9. Nge2 Nd7 10. Nf4 Bf7 11. Nh3 Qb6 12. 0-0-0 Ba3 13. bxa3 Qa5 14. Nb1 b5 15. Qe2 b4 16. axb4 Qxb4 17. c3 Qb6 18. Qb2 Qc7 19. Qa3 Rb8 20. Rd2 c5 21. Rb2 0-0 22. Rxb8 Rxb8 23. Rd1 c4 24. Be2 Nb6 25. Rd2 Be8 26. Rb2 Kf7 27. Nf4 Bc6 28. Bf3 Qd7 29. Nd2 Qd8 30. Bd1 Qc7 31. Nf3 Rb7 32. Qa5 Qd8 33. Bc2 Qd7 34. Kd2 Qd6 35. Qc5 Qc7 36. Kc1 Nd7 37. Rxb7 Qxb7 38. Qd6 Nf8 39. Ne5+ fxe5 40. dxe5 Qd7 41. Qf6+ Ke8 42. Nxg6 1-0

[Event "SF-2014-0-00233"]
[Site "LSS email"]
[Date "2014.05.22"]
[Round "?"]
[White "Miquel Badenes, Jose"]
[Black "De Booy, Marco"]
[Result "1-0"]
[WhiteElo "1090"]
[BlackElo "1052"]
[PlyCount "49"]
[EventDate "2014.04.03"]
[EventType "tourn (corr)"]
[EventRounds "6"]
[EventCountry "GER"]
[SourceTitle "Corr 2015"]
[Source "ChessBase"]
[SourceDate "2015.07.17"]
[SourceVersion "1"]
[SourceVersionDate "2015.07.17"]
[SourceQuality "1"]

1. Nf3 Nf6 2. d4 d5 3. c3 Bf5 4. e3 Nc6 5. Bd3 Qd7 6. Bxf5 Qxf5 7. Nbd2 e5 8. dxe5 Nxe5 9. Nxe5 Qxe5 10. Nf3 Qe6 11. 0-0 0-0-0 12. Nd4 Qd7 13. a4 Bd6 14. Nb5 Kb8 15. Qd4 c5 16. Qd3 Ne8 17. g3 Nc7 18. Rd1 Nxb5 19. axb5 Bc7 20. c4 d4 21. Qa3 Bb6 22. exd4 Qg4 23. Bf4+ Ka8 24. d5 f6 25. Bc7 1-0

[Event "SF-2014-0-00223"]
[Site "LSS email"]
[Date "2014.02.12"]
[Round "?"]
[White "De Booy, Marco"]
[Black "Meyer, Frank"]
[Result "1-0"]
[WhiteElo "1063"]
[BlackElo "553"]
[PlyCount "99"]
[EventDate "2014.01.19"]
[EventType "tourn (corr)"]
[EventRounds "6"]
[EventCountry "GER"]
[SourceTitle "Telechess CBM 167"]
[Source "ChessBase"]
[SourceDate "2015.07.13"]
[SourceVersion "1"]
[SourceVersionDate "2015.07.13"]
[SourceQuality "1"]

1. e4 d6 2. Nf3 Bg4 3. Be2 g6 4. d4 Bg7 5. 0-0 Nf6 6. Nc3 c5 7. Be3 Nc6 8. dxc5 dxc5 9. Bxc5 0-0 10. h3 Bxf3 11. Bxf3 Re8 12. Ne2 e6 13. c3 Ne5 14. Nd4 b6 15. Ba3 Nc4 16. Nc2 Rc8 17. Qe2 Nxa3 18. Nxa3 Qd7 19. Rad1 Qe7 20. Nb5 Rc5 21. Nd4 Rd8 22. Nb3 Rcc8 23. Nd4 Nd7 24. Qb5 Nb8 25. Qa4 Rd7 26. Be2 Rcd8 27. Bb5 Rd6 28. Nf3 h6 29. Rxd6 Rxd6 30. Be2 Qc7 31. Rc1 Nd7 32. Qc2 Nc5 33. b3 Qc6 34. Nd2 Qd7 35. Nc4 Rc6 36. Rd1 Qc7 37. Bf3 b5 38. Ne3 Nb7 39. Rd3 Bxc3 40. Qe2 Bg7 41. Rd1 Nd6 42. e5 Bxe5 43. Bxc6 Qxc6 44. Ng4 Bg7 45. Qd2 Nf5 46. Qd8+ Kh7 47. Rd7 Qc1+ 48. Kh2 Qf4+ 49. g3 Qf3 50. Rxf7 1-0

[Event "SF-2013-0-00203"]
[Site "LSS email"]
[Date "2013.08.05"]
[Round "?"]
[White "De Booy, Marco"]
[Black "Raines, David T"]
[Result "0-1"]
[WhiteElo "1052"]
[BlackElo "939"]
[PlyCount "42"]
[EventDate "2013.06.30"]
[EventType "tourn (corr)"]
[EventRounds "6"]
[EventCountry "GER"]
[SourceTitle "Corr 2015"]
[Source "ChessBase"]
[SourceDate "2015.07.17"]
[SourceVersion "1"]
[SourceVersionDate "2015.07.17"]
[SourceQuality "1"]

1. e4 c5 2. Nf3 d6 3. c4 Nc6 4. b3 Nf6 5. d3 e6 6. Bb2 Be7 7. Be2 0-0 8. 0-0 e5 9. Bc1 Bg4 10. Ne1 Bxe2 11. Qxe2 Nd4 12. Qd2 Ne8 13. f4 f5 14. Nc3 exf4 15. Rxf4 Bg5 16. Nd5 Bxf4 17. Nxf4 fxe4 18. dxe4 Nf6 19. Qd3 Qe7 20. Bb2 Qxe4 21. Qg3 Qxf4 0-1

[Event "SF-2013-0-00197"]
[Site "LSS email"]
[Date "2013.06.17"]
[Round "?"]
[White "De Booy, Marco"]
[Black "Evtyugin, Yury Alekseevich"]
[Result "1-0"]
[WhiteElo "1075"]
[BlackElo "858"]
[PlyCount "135"]
[EventDate "2013.05.04"]
[EventType "tourn (corr)"]
[EventRounds "6"]
[EventCountry "GER"]
[SourceTitle "Telechess CBM 163"]
[Source "ChessBase"]
[SourceDate "2014.11.11"]
[SourceVersion "2"]
[SourceVersionDate "2014.11.11"]
[SourceQuality "1"]

1. e4 e5 2. Nf3 Nc6 3. Bb5 d6 4. d4 exd4 5. Nxd4 Bd7 6. Nc3 h6 7. 0-0 Nxd4 8. Qxd4 a6 9. Bc4 Qf6 10. Qe3 Ne7 11. Qe2 b5 12. Bd3 c6 13. Bf4 Qxf4 14. b4 g6 15. Nd1 Bg7 16. c3 0-0 17. a3 c5 18. f3 c4 19. Bc2 Nc6 20. Ra2 a5 21. Bb1 axb4 22. axb4 Rxa2 23. Qxa2 Qc1 24. Bc2 Qd2 25. Rf2 Qe1+ 26. Rf1 Qd2 27. Rf2 Qf4 28. g3 Qf6 29. Qa3 Qd8 30. Qc1 Ne5 31. Ne3 Bc6 32. Qd2 Qc7 33. Rf1 Ra8 34. Bd1 Ra3 35. Nc2 Nd3 36. Nxa3 Qa7+ 37. Kg2 Qxa3 38. Qe3 Qxc3 39. Qb6 Ne1+ 40. Kh1 Qd2 41. Qf2 Qxf2 42. Rxf2 Bc3 43. Ra2 Bxb4 44. Kg1 Bc5+ 45. Kf1 Nd3 46. Ra6 Be8 47. Be2 Nb2 48. Ke1 Na4 49. Kd2 c3+ 50. Kc2 Kg7 51. Ra5 b4 52. Bc4 Bg1 53. h3 Bf2 54. g4 Kf6 55. Ra8 Bd7 56. Rd8 Ke7 57. Rb8 Nb6 58. Bb3 f5 59. exf5 gxf5 60. Rh8 fxg4 61. fxg4 Be3 62. Kd3 Bd2 63. Rg8 Be6 64. Bxe6 Kxe6 65. Rg6+ Ke7 66. Kc2 Nc4 67. Rg7+ Kf6 68. Rb7 1-0

[Event "SF-2013-0-00197"]
[Site "LSS email"]
[Date "2013.06.17"]
[Round "?"]
[White "Lonyuk, Bohdan"]
[Black "De Booy, Marco"]
[Result "0-1"]
[WhiteElo "1111"]
[BlackElo "1075"]
[PlyCount "68"]
[EventDate "2013.05.04"]
[EventType "tourn (corr)"]
[EventRounds "6"]
[EventCountry "GER"]
[SourceTitle "Telechess CBM 163"]
[Source "ChessBase"]
[SourceDate "2014.11.11"]
[SourceVersion "2"]
[SourceVersionDate "2014.11.11"]
[SourceQuality "1"]

1. e4 e5 2. Nf3 Nc6 3. Bb5 a6 4. Bxc6 dxc6 5. 0-0 Bg4 6. h3 h5 7. d3 Qf6 8. Nbd2 g5 9. Nc4 Bxf3 10. Qxf3 Qxf3 11. gxf3 f6 12. h4 gxh4 13. f4 Bg7 14. fxe5 fxe5 15. Bg5 Nh6 16. Kh2 Ng4+ 17. Kh3 Rf8 18. f3 Nh6 19. Bxh4 Nf7 20. Na5 Nd6 21. Rf2 Bf6 22. Bg3 0-0-0 23. c4 Nf7 24. Rd1 Ng5+ 25. Kg2 Ne6 26. b4 Rg8 27. Kh2 h4 28. Bxh4 Bxh4 29. Rg2 Rxg2+ 30. Kxg2 Nf4+ 31. Kf1 Nxd3 32. a3 Nf4 33. Rb1 Rd3 34. Rb3 Rd1# 0-1

[Event "SF-2013-0-00191"]
[Site "LSS email"]
[Date "2013.03.27"]
[Round "?"]
[White "Trevis, Robert R"]
[Black "De Booy, Marco"]
[Result "0-1"]
[WhiteElo "1041"]
[BlackElo "1075"]
[PlyCount "100"]
[EventDate "2013.02.13"]
[EventType "tourn (corr)"]
[EventRounds "6"]
[EventCountry "GER"]
[SourceTitle "Telechess CBM 163"]
[Source "ChessBase"]
[SourceDate "2014.11.11"]
[SourceVersion "2"]
[SourceVersionDate "2014.11.11"]
[SourceQuality "1"]

1. e4 e5 2. Nf3 Nc6 3. d4 exd4 4. Nxd4 Nf6 5. Nc3 Nxe4 6. Nxc6 Nxc3 7. Nxd8 Nxd1 8. Nxf7 Kxf7 9. Bc4+ Kf6 10. Kxd1 c6 11. Re1 d5 12. Bd3 Bd6 13. Bd2 Bg4+ 14. f3 Bd7 15. Bc3+ Kf7 16. Be5 Bxe5 17. Rxe5 g6 18. Kd2 Rhe8 19. Rae1 Kf6 20. f4 Rxe5 21. fxe5+ Ke6 22. Be2 Kxe5 23. Ba6+ Kd6 24. Bd3 Re8 25. Rxe8 Bxe8 26. Ke3 Ke5 27. Kd2 Bd7 28. Ke3 Bf5 29. Bxf5 Kxf5 30. Kd4 b6 31. a4 Ke6 32. b4 Kd6 33. b5 c5+ 34. Ke3 Ke5 35. h4 h6 36. g4 d4+ 37. Kd3 Kd5 38. Kd2 c4 39. Ke2 Ke4 40. g5 hxg5 41. hxg5 Kf4 42. Kf2 Kxg5 43. Kg3 Kf5 44. Kf3 g5 45. Kg3 g4 46. Kf2 Kf4 47. Ke1 Kf3 48. Kf1 g3 49. Kg1 g2 50. a5 bxa5 0-1

[Event "SF-2013-0-00188"]
[Site "LSS email"]
[Date "2013.02.23"]
[Round "?"]
[White "MacDonald, Rob"]
[Black "De Booy, Marco"]
[Result "1/2-1/2"]
[WhiteElo "1176"]
[BlackElo "1085"]
[PlyCount "76"]
[EventDate "2013.01.12"]
[EventType "tourn (corr)"]
[EventRounds "6"]
[EventCountry "GER"]
[SourceTitle "Telechess CBM 161"]
[Source "ChessBase"]
[SourceDate "2014.07.16"]
[SourceVersion "1"]
[SourceVersionDate "2014.07.16"]
[SourceQuality "1"]

1. e4 e5 2. Nf3 Nc6 3. d4 exd4 4. Nxd4 Nf6 5. Nxc6 bxc6 6. Bd3 Bc5 7. 0-0 0-0 8. Bg5 Be7 9. Nc3 a5 10. Kh1 Ba6 11. Bxa6 Rxa6 12. Qd3 Rb6 13. b3 Ne8 14. Bxe7 Qxe7 15. Rad1 d6 16. f3 Nf6 17. Ne2 Rbb8 18. Nf4 Rfd8 19. Qc3 Qe5 20. Qxe5 dxe5 21. Nd3 Nd7 22. g3 f6 23. Kg2 Kf7 24. f4 exf4 25. Rxf4 Ke6 26. Kf3 g6 27. Ke3 Re8 28. Rdf1 Rf8 29. R4f2 Ne5 30. Nxe5 Kxe5 31. Rd2 Rbd8 32. Rfd1 Rxd2 33. Rxd2 Ke6 34. Rd4 Ke7 35. Rc4 Kd7 36. Kd4 Rb8 37. a4 Kd6 38. Rc3 Rb4+ 1/2-1/2

[Event "SF-2012-0-00184"]
[Site "LSS email"]
[Date "2013.01.13"]
[Round "?"]
[White "De Booy, Marco"]
[Black "Kobryn, Krystian"]
[Result "0-1"]
[WhiteElo "1085"]
[BlackElo "1444"]
[PlyCount "50"]
[EventDate "2012.12.01"]
[EventType "tourn (corr)"]
[EventRounds "6"]
[EventCountry "GER"]
[SourceTitle "Telechess CBM 161"]
[Source "ChessBase"]
[SourceDate "2014.07.16"]
[SourceVersion "1"]
[SourceVersionDate "2014.07.16"]
[SourceQuality "1"]

1. e4 c5 2. Nf3 Nc6 3. d4 cxd4 4. Nxd4 e5 5. Nb5 d6 6. Be2 Nf6 7. Bg5 a6 8. N5c3 Be7 9. Bxf6 Bxf6 10. 0-0 Be6 11. Nd5 Bg5 12. Nbc3 0-0 13. a3 Rc8 14. Bg4 Nd4 15. Bxe6 fxe6 16. Nb4 Rf4 17. g3 Nf3+ 18. Kh1 Rf6 19. Nd3 Qe8 20. Ne1 Nd2 21. Rg1 Rxc3 22. bxc3 Rxf2 23. Nd3 Nxe4 24. Qe1 Qc6 25. Rg2 Nxg3+ 0-1

[Event "SF-2012-0-00184"]
[Site "LSS email"]
[Date "2013.01.10"]
[Round "?"]
[White "Lonyuk, Bohdan"]
[Black "De Booy, Marco"]
[Result "1-0"]
[WhiteElo "1098"]
[BlackElo "1085"]
[PlyCount "31"]
[EventDate "2012.12.01"]
[EventType "tourn (corr)"]
[EventRounds "6"]
[EventCountry "GER"]
[SourceTitle "Corr 2015"]
[Source "ChessBase"]
[SourceDate "2015.07.17"]
[SourceVersion "1"]
[SourceVersionDate "2015.07.17"]
[SourceQuality "1"]

1. e4 e5 2. Nc3 Bc5 3. Nf3 Nc6 4. Nxe5 Bxf2+ 5. Kxf2 Nxe5 6. d4 Nc6 7. Be3 d6 8. Bc4 Nf6 9. Rf1 Ng4+ 10. Kg1 Nxe3 11. Bxf7+ Kd7 12. Qh5 Nxf1 13. Qf5+ Ke7 14. Nd5+ Kf8 15. Be6+ Ke8 16. Qf7# 1-0

[Event "SF-2012-0-00184"]
[Site "LSS email"]
[Date "2013.01.06"]
[Round "?"]
[White "Chandler, Mark"]
[Black "De Booy, Marco"]
[Result "1/2-1/2"]
[WhiteElo "1027"]
[BlackElo "1085"]
[PlyCount "83"]
[EventDate "2012.12.01"]
[EventType "tourn (corr)"]
[EventRounds "6"]
[EventCountry "GER"]
[SourceTitle "Telechess CBM 161"]
[Source "ChessBase"]
[SourceDate "2014.07.16"]
[SourceVersion "1"]
[SourceVersionDate "2014.07.16"]
[SourceQuality "1"]

1. e4 e5 2. Nf3 Nc6 3. d4 exd4 4. Nxd4 Nf6 5. Nc3 Nxe4 6. Nxe4 Qe7 7. f3 d5 8. Bb5 Bd7 9. Bxc6 Bxc6 10. Nxc6 bxc6 11. 0-0 dxe4 12. Re1 Rd8 13. Bd2 Qc5+ 14. Kh1 Be7 15. Rxe4 0-0 16. Qe1 Bf6 17. Bb4 Qxc2 18. Bxf8 Rxf8 19. Re8 Qxb2 20. Rb1 Qa3 21. Rbb8 Be7 22. Rxf8+ Bxf8 23. Qd2 g6 24. Ra8 Qa6 25. h4 Qc4 26. Qh6 Qc5 27. Qf4 Kg7 28. Qxc7 Bd6 29. Qxa7 Qe5 30. Qg1 Qg3 31. Ra4 Bf4 32. Qd4+ Be5 33. Qg1 h5 34. Re4 Kh7 35. a4 Bf4 36. Rxf4 Qxf4 37. Qd1 Qxh4+ 38. Kg1 Qb4 39. Qd7 Qxa4 40. Qxf7+ Kh6 41. Qf8+ Kg5 42. Qe7+ 1/2-1/2

[Event "SF-2012-0-00182"]
[Site "LSS email"]
[Date "2012.12.21"]
[Round "?"]
[White "Jostov, Keylah"]
[Black "De Booy, Marco"]
[Result "1-0"]
[WhiteElo "1106"]
[BlackElo "1052"]
[PlyCount "23"]
[EventDate "2012.11.18"]
[EventType "tourn (corr)"]
[EventRounds "6"]
[EventCountry "GER"]
[SourceTitle "Corr 2015"]
[Source "ChessBase"]
[SourceDate "2015.07.17"]
[SourceVersion "1"]
[SourceVersionDate "2015.07.17"]
[SourceQuality "1"]

1. d4 f5 2. Bf4 Nf6 3. e3 e6 4. c4 c6 5. Nc3 d5 6. Nf3 Be7 7. Qc2 Nbd7 8. cxd5 exd5 9. Qxf5 0-0 10. Ne5 Ne4 11. Qe6+ Kh8 12. Nf7+ 1-0

[Event "SF-2012-0-00182"]
[Site "LSS email"]
[Date "2012.12.19"]
[Round "?"]
[White "De Booy, Marco"]
[Black "Chamberlain, Edwin"]
[Result "0-1"]
[WhiteElo "1052"]
[BlackElo "971"]
[PlyCount "22"]
[EventDate "2012.11.18"]
[EventType "tourn (corr)"]
[EventRounds "6"]
[EventCountry "GER"]
[SourceTitle "Corr 2015"]
[Source "ChessBase"]
[SourceDate "2015.07.17"]
[SourceVersion "1"]
[SourceVersionDate "2015.07.17"]
[SourceQuality "1"]

1. e4 c5 2. Nf3 d6 3. d4 cxd4 4. Nxd4 Nf6 5. Nc3 a6 6. f3 e5 7. Nb3 Be6 8. Bg5 Be7 9. Bxf6 Bxf6 10. Qd2 0-0 11. 0-0-0 Bg5 0-1

[Event "SF-2012-0-00180"]
[Site "LSS email"]
[Date "2012.12.02"]
[Round "?"]
[White "De Booy, Marco"]
[Black "Camps, Jean Pierre"]
[Result "0-1"]
[WhiteElo "1052"]
[BlackElo "1506"]
[PlyCount "60"]
[EventDate "2012.11.04"]
[EventType "tourn (corr)"]
[EventRounds "6"]
[EventCountry "GER"]
[SourceTitle "Telechess CBM 159"]
[Source "ChessBase"]
[SourceDate "2014.03.17"]
[SourceVersion "1"]
[SourceVersionDate "2014.03.17"]
[SourceQuality "1"]

1. e4 e6 2. d4 d5 3. exd5 exd5 4. Bd3 Nc6 5. c3 Bd6 6. Nf3 Bg4 7. Nbd2 Nge7 8. Qc2 Qd7 9. b4 0-0-0 10. a4 Qe6+ 11. Be2 Ng6 12. 0-0 Qxe2 13. Re1 Bxh2+ 14. Kxh2 Qxf2 15. Rf1 Qe3 16. Nc4 Qe7 17. Re1 Qd7 18. Ncd2 a6 19. b5 Nb8 20. bxa6 Nxa6 21. Rb1 Qd6+ 22. Kg1 Rhe8 23. Rxe8 Rxe8 24. Qb3 Qc6 25. Ba3 Re3 26. Bb2 Nf4 27. Ne5 Rxe5 28. dxe5 Qc5+ 29. Kh1 Qf2 30. Rg1 Qh4# 0-1

[Event "SF-2012-0-00176"]
[Site "LSS email"]
[Date "2012.11.04"]
[Round "?"]
[White "De Booy, Marco"]
[Black "Camps, Jean Pierre"]
[Result "1/2-1/2"]
[WhiteElo "1052"]
[BlackElo "1506"]
[PlyCount "60"]
[EventDate "2012.10.18"]
[EventType "tourn (corr)"]
[EventRounds "6"]
[EventCountry "GER"]
[SourceTitle "Telechess CBM 159"]
[Source "ChessBase"]
[SourceDate "2014.03.17"]
[SourceVersion "1"]
[SourceVersionDate "2014.03.17"]
[SourceQuality "1"]

1. e4 e6 2. d4 d5 3. exd5 exd5 4. Bd3 Nc6 5. c3 Bd6 6. Qf3 Nf6 7. Ne2 Bg4 8. Qe3+ Qe7 9. f3 Qxe3 10. Bxe3 Bd7 11. Nd2 0-0 12. 0-0 h6 13. b4 a6 14. a3 b5 15. Bf4 Bxf4 16. Nxf4 Rfe8 17. Rae1 Ne7 18. Re2 Nf5 19. Rfe1 Rxe2 20. Rxe2 c6 21. Kf2 Nd6 22. Re1 a5 23. g4 axb4 24. axb4 Ra2 25. Rd1 Nc4 26. Ke1 g5 27. Ne2 Ne3 28. Rc1 Ng2+ 29. Kd1 Ne3+ 30. Ke1 Ng2+ 1/2-1/2

[Event "SF-2012-0-00176"]
[Site "LSS email"]
[Date "2012.11.01"]
[Round "?"]
[White "Ausan, Leo Tito Jr"]
[Black "De Booy, Marco"]
[Result "1-0"]
[WhiteElo "1058"]
[BlackElo "1052"]
[PlyCount "45"]
[EventDate "2012.10.18"]
[EventType "tourn (corr)"]
[EventRounds "6"]
[EventCountry "GER"]
[SourceTitle "Telechess CBM 159"]
[Source "ChessBase"]
[SourceDate "2014.03.17"]
[SourceVersion "1"]
[SourceVersionDate "2014.03.17"]
[SourceQuality "1"]

1. e4 e5 2. Nf3 Nc6 3. Bb5 a6 4. Ba4 Nf6 5. 0-0 Be7 6. Re1 b5 7. Bb3 d6 8. c3 Na5 9. Bc2 c5 10. d4 Qc7 11. Nbd2 0-0 12. Nf1 Bb7 13. Ng3 Rac8 14. d5 Nc4 15. Nf5 Nb6 16. Nxe7+ Qxe7 17. Nh4 Rfe8 18. Nf5 Qf8 19. Bg5 Nbd7 20. Re3 Rc7 21. Rg3 Ra8 22. Qf3 Ne8 23. Be7 1-0

[Event "LSS No Engine Cup 74 Preliminary 6"]
[Site "LSS email"]
[Date "2012.10.09"]
[Round "?"]
[White "De Booy, Marco"]
[Black "Goepfert, Christian"]
[Result "1-0"]
[WhiteElo "1064"]
[BlackElo "630"]
[PlyCount "57"]
[EventDate "2012.10.10"]
[EventType "tourn (corr)"]
[EventRounds "6"]
[EventCountry "GER"]
[SourceTitle "Telechess CBM 163"]
[Source "ChessBase"]
[SourceDate "2014.11.11"]
[SourceVersion "2"]
[SourceVersionDate "2014.11.11"]
[SourceQuality "1"]

1. e4 e5 2. Nf3 Nc6 3. Bb5 a6 4. Ba4 Nf6 5. 0-0 Be7 6. Re1 b5 7. Bb3 d6 8. c3 0-0 9. d4 Bg4 10. Qd3 Bxf3 11. Qxf3 exd4 12. Bd5 Nxd5 13. exd5 Ne5 14. Qe2 d3 15. Qe4 Bg5 16. f4 Re8 17. Bd2 Nc4 18. Qxe8+ Qxe8 19. Rxe8+ Rxe8 20. fxg5 Re2 21. Bf4 d2 22. Nxd2 Nxd2 23. b3 a5 24. b4 axb4 25. cxb4 Ne4 26. Rc1 h6 27. gxh6 Nc3 28. Rxc3 c5 29. dxc6 1-0